00723nam a22002177a 45000010005000000030006000050050017000110080041000280200018000690400029000870500009001160820010001251000014001352450053001492600037002023000057002395200129002965210027004255210018004526500035004707340FISKH20250710083906.0250710b cb ||||| |||| 00| 0 eng d a9788120789272 aFISKHbengcFISKHdFISKH aPZ7  a 428  aAnonymous aMy book on opposites : bMore than 35 pictures / aNew Delhi : bSterling, c2014.  a6 unnumbered pages : bcolor illustrations ; c24 cm aA hands-on photo-book that introduces more than 35 common pairs of opposites using familiar objects and everyday scenarios. 8 a100 bLexile estimate 8 aC bRaz-Plus  aOppositesvVocabulary Building